000 00579nam a2200193Ia 4500
003 OSt
005 20230609143745.0
008 210423s2005 xx 000 0 und d
040 _cAL
082 _a307 PRAT
_223
100 _aPRADHAN (Enos Das);SINGH (Sudipta)
_9123319
245 _aTowards a transformed and transforming community
260 _aNew Delhi
_bIndian Society Of Health Administrators
_c2005
365 _cINR
650 _aCommunities
_9123320
650 _aSociology
_9123321
906 _acommunity ; Towards ; transformed ; transforming
942 _2ddc
_cBK
999 _c174255
_d174255